| 000 | 00629cam a22002171 4500 | ||
|---|---|---|---|
| 001 | med47001738 | ||
| 003 | DLC | ||
| 005 | 20260227111603.0 | ||
| 008 | 820821s1947 xx 000 0 eng | ||
| 010 | _amed47001738 | ||
| 035 | _a(OCoLC)14683122 | ||
| 040 |
_aDLC _cDNLM _dDLC |
||
| 042 | _apremarc | ||
| 050 | 0 | 0 |
_aRA969 _b.H6 |
| 060 | 0 |
_aW6 _bP3 v.5755 |
|
| 110 | 2 | _aHospital Bureau of Standards and Supplies, inc., New York. | |
| 245 | 1 | 4 |
_aThe problem of odors in institutions, _cby Dewey H. Palmer ... Research department ... |
| 260 |
_aNew York, _cc1947. |
||
| 300 | _a11 p. | ||
| 700 | 1 |
_aPalmer, Dewey Homer, _d1898- |
|
| 999 |
_c38389 _d38389 |
||